000
00351nam a2200145Ia 4500
008
090124s9999 xx 000 0 und d
082
_b
305639
245
_a
दोलाचल
250
_a
1
260
_b
नरवणे सुधा
_c
1973
300
_a
146
630
_a
दोलाचल
730
_a
दोलाचल
942
_c
BOOK
999
_c
195633
_d
195633